000 01105cab a22002055a 4500
001 L155273
008 120314e2012 xxk 000 0 eng d
035 _a(Sirsi) u155273
041 0 _aeng
100 1 _aHunter, Rachel
245 0 0 _aMarkets
_bYorkshire and Humber
260 _c2012
490 0 _aProperty Week
_v78(10) 9 March 2012, 47-54(5)
520 _aCentral Square, the renamed Lumiere development site in Leeds, will be relaunched as an office-led scheme. Land Securities' Trinity Leeds scheme, the only large shopping centre in Europe due for completion in 2013, is already two-thirds let. Sheffield-based Blenheim Developments has bought the former Yorkshire Chemicals site in Leeds from Gladedale Group for £3m. "Arena Quarter"is taking shape around the new Leeds Arena 13 500 capacity music venue due to open in summer 2013. Yorkshire is pinning its industrial hopes on distribution. It is probably the last region with a choice of large-scale warehouse buildings.
590 _aKA
651 4 _aYorkshire
651 4 _aHumber
690 _aCommercial property
_96227
942 _n0
999 _c83845
_d83845